| 000 | 00631nam a22001937a 4500 | ||
|---|---|---|---|
| 999 |
_c143890 _d143890 |
||
| 005 | 20230410112859.0 | ||
| 010 | _aENG-120194 | ||
| 020 | _c250.00 | ||
| 035 | _aEN-103726 | ||
| 037 | _bDBAD/PUB | ||
| 082 | _a616.14 | ||
| 100 | _aPachaiyappan, P | ||
| 245 |
_aMental health and emotional intelligence : _cby P. Pachaiyappan _bAmong arts and science college students / |
||
| 260 |
_aMadurai _bShanlax Publications _c2011 |
||
| 270 |
_a61, 66 T.P.K Main Road Vasantha Nagar _bMadurai _e625003 |
||
| 300 |
_a92p. : _c21cm(pbk) _bill |
||
| 500 | _aIncludes bibliographical | ||
| 942 |
_2ddc _cEN _h616.14 _mPAC |
||